Plans on the line (Record no. 74484)

MARC details
000 -LEADER
fixed length control field 01379cab a2200205 4500
001 - CONTROL NUMBER
control field ##ABS68035
008 - FIXED-LENGTH DATA ELEMENTS--GENERAL INFORMATION
fixed length control field 040729n2004 000 0 eng u
035 ## - SYSTEM CONTROL NUMBER
System control number (Sirsi) u126976
100 1# - MAIN ENTRY--PERSONAL NAME
Personal name Perry, J.
245 00 - TITLE STATEMENT
Title Plans on the line
260 ## - PUBLICATION, DISTRIBUTION, ETC.
Date of publication, distribution, etc. 2004
490 #0 - SERIES STATEMENT
Series statement Inside Housing
Volume/sequential designation 21(29) 23 July 2004, 16-19(4)
520 ## - SUMMARY, ETC.
Summary, etc. Examines HM Treasury's plans for housing in the 2004 spending review and considers whether housing's three-year housing expenditure headline growth rate of 4.1%, a better rate than received by many other government departments, will be enough to reverse decades of under investment in the sector. Highlights that southeast England growth zones and low demand areas in the Midlands and northern England have done well in the review and that the Neighbourhood Renewal Fund will be reprieved but raises doubts about spending on decent homes, the development of the growth zones and above all investment in the present stock of council housing. Table covers the three-year spending growth by service. Three possible outcomes of the spending review are described by "Inside Housing" reporters to conclude the article.
590 ## - LOCAL NOTE (RLIN)
Local note ABS
650 24 - SUBJECT ADDED ENTRY--TOPICAL TERM
Topical term or geographic name entry element NEIGHBOURHOOD RENEWAL FUND
650 24 - SUBJECT ADDED ENTRY--TOPICAL TERM
Topical term or geographic name entry element DCLG DECENT HOMES STANDARD
651 #4 - SUBJECT ADDED ENTRY--GEOGRAPHIC NAME
Geographic name England
Chronological subdivision 886-
690 ## - LOCAL SUBJECT ADDED ENTRY--TOPICAL TERM (OCLC, RLIN)
Topical term or geographic name as entry element PROPERTY-RESIDENTIAL PROPERTY-RESIDENTIAL PROPERTY FINANCE AND INVESTMENT
942 ## - ADDED ENTRY ELEMENTS (KOHA)
Suppress in OPAC 0
Holdings
Withdrawn status Lost status Source of classification or shelving scheme Damaged status Not for loan Home library Current library Shelving location Date acquired Total Checkouts Full call number Barcode Date last seen Copy number Price effective from Koha item type
    Dewey Decimal Classification     London London Journal article 29/07/2004   ABS68035 126976-1001 06/08/2019 1 06/08/2019 Journal article